000 00576cam a22002054a 4500
005 20250605164158.0
008 250528s ||||||||||||||||||||||||d
035 _a19677
020 _a9607623355
040 _aGR-AtMCL
_bgre
_dGR-AtMCL
_eAACR2
245 1 _aΧΡΗΜΑΤΟΟΙΚΟΝΟΜΙΚΗ ΛΟΓΙΣΤΙΚΗ
250 _a1
260 _bΓερμανος,
_c2003
300 _a422
700 1 _aΚαραγιωργος Θεοφανης
_95884
700 1 _aΠαπαδοπουλος Δημητριος
_95885
942 _cBK
999 _c4933
_d4933